| 000 | 00641nam a22001817a 4500 | ||
|---|---|---|---|
| 999 |
_c192871 _d192871 |
||
| 005 | 20221007122139.0 | ||
| 010 | _aENG-135334 | ||
| 020 |
_a9788178062013 _c195.00 |
||
| 035 | _aEN-118866 | ||
| 037 | _bDBAD/PUB | ||
| 082 | _a370.1 | ||
| 100 | _aSharma, A.P. | ||
| 245 |
_aIndian & Western educational philosophy: _bfor M.Ed. & B.Ed. students and aspirants to the civil services/ _cby A.P. Sharma |
||
| 260 |
_aNew delhi _bUnicorn books _c2010 |
||
| 270 |
_aF-2/16, ansari road, daryaganj _bnew delhi _e110002 _k011-23275434 _minfo@unicornbooks.in |
||
| 300 |
_a271p. _c23cm(pbk) _bRefrences |
||
| 942 |
_2ddc _cEN _mSHA _h370.1 |
||